| 000 | 00594nam a2200193Ia 4500 | ||
|---|---|---|---|
| 003 | OSt | ||
| 005 | 20230630114546.0 | ||
| 008 | 210423s9999 xx 000 0 und d | ||
| 040 | _cAL | ||
| 041 | _aeng | ||
| 082 |
_a340 CLPW _223 |
||
| 245 | _aWorking journalist and other newspaper employes and misellaneous provisions act 1955 | ||
| 260 |
_bICFAI Press _aHyderabad _c2003 |
||
| 365 |
_b40 _cINR |
||
| 650 |
_aLaw _9119486 |
||
| 650 |
_aSocial Sciences _9119487 |
||
| 906 | _a1955 ; act ; employes ; journalist ; misellaneous ; newspaper ; other ; provisions ; Working | ||
| 942 |
_2ddc _cBK |
||
| 999 |
_c173761 _d173761 |
||